000 00979cam a22002777a 4500
999 _c127944
_d127944
001 89538
003 ARRUPE
005 20180417091207.0
008 960627s1994 bl b 000 0 por
010 _a 95833120
020 _a8532612342
040 _aDLC
_cDLC
042 _alcode
050 0 0 _aBR115.C8
_bI32 1993
245 0 0 _aInculturação :
_ba fe que cria raizes nas culturas Africanas /
_cImbisa
260 _aRio de Janeiro, RJ :
_bImbisa,
_c1993.
300 _a65 p. ;
_c23 cm.
650 _aChristianity and culture
_941544
650 _aChristianity in Africa
_924592
906 _a7
_bcbc
_corigode
_d4
_encip
_f19
_gy-gencatlg
942 _2lcc
_cMONOGRAPH